Poems & Plays / (Record no. 68341)

MARC details
000 -LEADER
fixed length control field 00799nam a22002057a 4500
005 - DATE AND TIME OF LATEST TRANSACTION
control field 2012070607047.0
010 ## - LCCN (DPL NO)
LC control number B-477809
020 ## - INTERNATIONAL STANDARD BOOK NUMBER
International Standard Book Number 9788182472204
Terms of availability 695.00
035 ## - SYSTEM CONTROL NUMBER
System control number B-477809
037 ## - SOURCE OF ACQUISITION
Stock number dpl
Source of stock number/acquisition K. K. Pub /Ven
082 ## - DEWEY DECIMAL CLASSIFICATION NUMBER
Classification number 891.4414
100 ## - MAIN ENTRY--PERSONAL NAME
Personal name Tagore Rabindranath
245 ## - TITLE STATEMENT
Title Poems & Plays /
Statement of responsibility, etc by Rabindernath Tagore
260 ## - PUBLICATION, DISTRIBUTION, ETC. (IMPRINT)
Place of publication, distribution, etc Chandigarh
Name of publisher, distributor, etc Abhishek Pub
Date of publication, distribution, etc 2008
270 2# - ADDRESS
Address SCO 57-59 Sector 17 C
City Chandigarh
300 ## - PHYSICAL DESCRIPTION
Extent 391p
Dimensions 24cm
942 ## - ADDED ENTRY ELEMENTS (KOHA)
Source of classification or shelving scheme Dewey Decimal Classification
Item type English Books
Classification part 891.4414
Call number suffix TAG
Holdings
Withdrawn status Lost status Not for loan Collection code Home library Current library Date acquired Source of acquisition Cost, normal purchase price Full call number Barcode Copy number Cost, replacement price Koha item type
      Non-fiction Central Library Central Library 10/07/2012 K.K.Pub/1356/29.11.2011/03/29.11.2011/30.3.2012 695.00 891.4414 TAG B-477809 1 695.00 English Books

© Delhi Public Library
Hit Counter
free hit counter